000 01194nam a2200337 a 4500
003 BLK
005 20250721114559.0
008 180410b bul|||||r ||||||| ||bul||
020 _a9546572861
020 _a9789546572868
040 _aBLK
041 _aBUL
_cBUL
080 _aБългарска литература
_b821.163.2
_x-93-34
_z821.163.2-93-34
084 _aЕ 53
100 _aЕлин Пелин
_qСтоянов, Димитър Иванов
_9363511
245 1 0 _aЯн Бибиян
_cЕлин Пелин ; худож. Минчо Никифоров
245 1 0 _aЯн Бибиян на Луната
257 _aBGR
260 _aСофия
_bПАН
_c2005
_fСофия : Инвестпрес
300 _a288 с.
_c20 см
380 _aDX
490 _aВечните детски романи
_v25
500 _a1. изд. 1948. - Доп. тир. 2021
700 1 _aНикифоров, Минчо Христов
_eхудож.
_9374999
852 _aЦб 267031
_bЦб
852 _bД
_c821.163.2-93/Е 53 П
942 _cKNG
_n0
_010
944 _aCR
_c05.12.2013
_lМоника Янева
_k30570
999 _c148088
_d148088
999 _d148088